=LDR 00000nam 2200000 4500 =001 INLIS000000000031892 =005 20130612133932 =008 ***********************************ind** =035 ##$$0010-061300000031892 =041 ##$$a ind =082 ##$$a 372.3 =090 ##$$a 372.3, Dha e =100 ##$$a Dharma, Lala Herawati =245 ##$$a Ensiklopedi Proyek FestifalSains Dasar 2 , Energi Yang Menghempas , Lala Herawati Dharma;Editor Agus Salim Sudarsini =260 ##$$a 2008 $b Bandung =300 ##$$a 80 hlm. , Illus. , 25 cm =650 ##$$a Pendidikan Dasar-Energi =700 ##$$a Salim, Agus , Sudarsini =850 ##$$a NBPNMAT